Cuando la escuela pretende preparar para la vida. ¿Desarrollar competencias o enseñar otros saberes?

Guardat en:
Dades bibliogràfiques
Autor principal: Perrenoud, Philippe (autor)
Altres autors: Longerstay, Benoit tr (autor) tr, (autor)
Format: Llibre
Idioma:espanyol
Col·lecció:(Fundamentos de la Educación)
Matèries:
Etiquetes: Afegir etiqueta
Sense etiquetes, Sigues el primer a etiquetar aquest registre!

MARC

LEADER 00000nam^a2200000^u^4500
001 000522021
005 20250521000000.0
008 120614s1000^^^^^^^^^^^^r^^^^^000^0^spa^d
009 20260310130533.354
022 |a 9788499804163 
035 |a FCE 000066262 
037 |a Acervo ITESO - Biblioteca 
041 |a spa 
082 0 4 |a 370.11  |b PERc 
100 |a Perrenoud, Philippe  |e (autor) 
245 1 0 |a Cuando la escuela pretende preparar para la vida.  |b ¿Desarrollar competencias o enseñar otros saberes? 
264 |a España:  |b GRAO,  |c 2012. 
300 |a 235. 
336 |a texto  |b txt  |2 rdacontenido 
337 |a sin mediación  |b n  |2 rdamedio 
338 |a volumen  |b nc  |2 rdasoporte 
440 |a (Fundamentos de la Educación) 
649 |a XX 
650 |a Educación básica 
650 |a Currículo 
650 |a Educación para la vida 
650 |a Desarrollo de competencias 
700 |a Longerstay, Benoit  |e tr  |e (autor) 
910 |a Fondo Centro de Estudios Educativos 
920 |a Impresos - Libros 
930 |a Fondos Especiales 
905 |a 133 
901 |a ALE071938  |b IT2  |c CEE  |u 20250521 
902 |a https://opac.biblio.iteso.mx/vufind/Record/000522021